=LDR 00000nam 2200000 4500 =001 INLIS000000000036375 =005 20130612142151 =008 ***********************************Ind** =035 ##$$a0010-061300000036375 =041 ##$$a Ind =082 ##$$a 813.083 =090 ##$$a 813.083, Sar s =100 ##$$a Sarbana, baban =245 ##$$a Soldo dan bidadari surga, catatan dari hati tentang hati dan untuk hati, baban Sarbana =260 ##$$a 2009 $b jakarta =300 ##$$a xvii, 163 hlm, 21 cm =650 ##$$a Fiksi Indonesia-realistis =850 ##$$a NBPNMAT =990 ##$$a 21196199/BPAP-NTB/2014